Ceremonial Counties of England Quiz Stats

 Plays Quiz not verified by Sporcle

Challenge
Share
Tweet
Embed
Score 0/48 Timer 10:00
0 Plays Today
% Correct
Cornwall
97.6%
Devon
93.9%
South Yorkshire
92.7%
North Yorkshire
91.5%
West Yorkshire
91.5%
Greater London
90.2%
Kent
90.2%
City of London
90.2%
East Sussex
87.8%
Greater Manchester
87.8%
West Sussex
87.8%
Dorset
85.4%
Buckinghamshire
82.9%
Cambridgeshire
82.9%
Hampshire
82.9%
Worcestershire
82.9%
Leicestershire
81.7%
Oxfordshire
81.7%
Somerset
81.7%
City of Bristol
80.5%
Gloucestershire
79.3%
Cheshire
78%
Essex
78%
Hertfordshire
78%
% Correct
Bedfordshire
76.8%
Berkshire
76.8%
County Durham
76.8%
Herefordshire
76.8%
Nottinghamshire
76.8%
Surrey
76.8%
Warwickshire
76.8%
Cumbria
75.6%
Derbyshire
75.6%
East Riding of Yorkshire
75.6%
Lancashire
75.6%
Shropshire
74.4%
Norfolk
73.2%
Tyne and Wear
73.2%
Merseyside
69.5%
Northumberland
69.5%
Isle of Wight
68.3%
Northamptonshire
65.9%
Rutland
65.9%
Lincolnshire
63.4%
Suffolk
63.4%
Wiltshire
62.2%
Staffordshire
61%
West Midlands
51.2%

You're not logged in!

Compare scores with friends on all Sporcle quizzes.
OR
Log In

You Might Also Like...

Show Comments

Extras

Created May 12, 2012ReportNominate
Tags:counties, England

Top Quizzes Today


Score Distribution

Your Account Isn't Verified!

In order to create a playlist on Sporcle, you need to verify the email address you used during registration. Go to your Sporcle Settings to finish the process.

Report this User

Report this user for behavior that violates our Community Guidelines.

Details: